| 000 | 00875nam a22002777a 4500 | ||
|---|---|---|---|
| 001 | 000620 | ||
| 003 | DO-SdBNP | ||
| 005 | 20230713124803.0 | ||
| 007 | 000620 | ||
| 008 | 161031b1980 mx ||||| |||| 00| 0 spa d | ||
| 020 | _a9681503570 | ||
| 040 |
_aBPMSU _bspa _cBPMSU |
||
| 082 | 4 |
_a808.8 _bA668N 1980 _222 |
|
| 245 | 1 | 0 |
_aEl Arca de Noé / _c[selección de Emilio Carballido ; Myra Gann ... [et al.]. |
| 246 | 1 | 4 |
_aEl arca de Noé : _bAntología de teatro infantil. |
| 250 | _a3a ed. | ||
| 260 |
_aMéxico : _bEditores Mexicanos Unidos, _c1980. |
||
| 300 |
_a295 p. : _bil. ; _c18 cm. |
||
| 490 | 0 | _aLiteraria Universal. | |
| 590 | _6Inventariado, 2023/VM | ||
| 650 | 4 |
_aAntología de teatro infantil _2. _e |
|
| 700 | 1 |
_aCarballido, Emilio _3comp. _d1925 |
|
| 830 | 0 | _aLiteraria Universal. | |
| 910 | _aVMateo V. Control de calidad (BPMSU) | ||
| 942 |
_2ddc _cBK |
||
| 999 |
_c11729 _d11729 |
||